L'empereur Frederic II

Αποθηκεύτηκε σε:
Λεπτομέρειες βιβλιογραφικής εγγραφής
Κύριος συγγραφέας: Kantorowicz, Ernst H. (Ernst Hartwig), 1895-1963
Άλλοι συγγραφείς: Kohn, Albert (Μεταφραστής)
Μορφή: Βιβλίο
Γλώσσα:French
German
Δημοσίευση: Paris : Gallimard, 1987.
Σειρά:Bibliotheque des histoires
Θέματα:
Ετικέτες: Προσθήκη ετικέτας
Δεν υπάρχουν, Καταχωρήστε ετικέτα πρώτοι!

MARC

LEADER 00000cam a2200000 i 4500
001 1/2847
008 960304s1987 fr | ||| |||| ||fre||
020 |a 2070703452 
035 |l 10015010 
040 |a GR-MyUA  |b gre  |e AACR2 
041 1 |a fre  |h ger 
082 0 |a 943.025 
100 1 |a Kantorowicz, Ernst H.   |q (Ernst Hartwig),   |d 1895-1963. 
245 1 0 |a L'empereur Frederic II /   |c Ernst Kantorowicz ; traduit de l'allemand par Albert Kohn.  
260 |a Paris :   |b Gallimard,   |c 1987.  
300 |a 657 σ. :   |b εικ., χάρτες ;  
490 1 |a (Bibliotheque des histoires)  
500 |a Ouvrage publie avec le concours du Centre national des Lettres d'Inter Nationes, de la Fondation Robert Bosch et de la Maison des Sciences de l'Homme 
500 |a Τίτλος πρωτοτύπου: Kaiser Friedrich der Zweite.  
600 0 0 |a Frederick   |b II,   |c Holy Roman Emperor,   |d 1194-1250. 
651 0 |a Germany  |x Kings and rulers  |x Biography. 
651 0 |a Germany  |x History  |y Frederick II, 1215-1250  |x Sources. 
700 1 |a Kohn, Albert,  |e trl 
830 0 |a Bibliotheque des histoires 
852 |a INST  |b LESVOS  |e 19960304  |h 943.025 ΚΑΝ  |p 005100007105  |q 005100007105  |t BK  |y 0 
909 |a Λ  |b 035123 
922 |a 1ΔΩΡ  |b 199402  |c ΤΚΑ